Personnages de Final Fantasy X - Statistiques

Statistiques générales
  • Ce quiz a été pris 212 fois
  • Le résultat moyen est 11 sur 16
Statistiques - réponses
Par images Réponse % Correct
Tidus
98%
Yuna
98%
Wakka
95%
Auron
90%
Lulu
90%
Rikku
88%
Seymour
83%
Sin
82%
Jecht
77%
Yunalesca
72%
Kimahri
68%
Yu Yevon
55%
Frangin
50%
Chappu
45%
Dona
37%
Issaru
20%
Aucun quiz correspondant
Distribution des résultats
% des personnes avec chaque résultat
Percentile par nombre de réponses
Votre historique - résultats
Vous n’avez pas pris ce quiz